[Event "TUR-chT2"]
[Site "Konya"]
[Date "2018.07.14"]
[Round "8.4"]
[White "Unal, Onur"]
[Black "Adsiz, Melik Baver"]
[Result "1/2-1/2"]
[WhiteElo "1846"]
[BlackElo "1612"]
[PlyCount "112"]
[EventDate "2018.07.10"]
[EventType "team-swiss"]
[EventRounds "9"]
[EventCountry "TUR"]
[SourceTitle "EXT 2019"]
[Source "ChessBase"]
[SourceDate "2018.10.10"]
[SourceVersion "1"]
[SourceVersionDate "2018.10.10"]
[SourceQuality "1"]
[WhiteTeam "Antalya Buyuk Ustalar"]
[BlackTeam "Bitlis Dernegi"]
[WhiteTeamCountry "TUR"]
[BlackTeamCountry "TUR"]

1. d4 d5 2. c4 e6 3. cxd5 exd5 4. Nc3 Nf6 5. Bg5 Be7 6. e3 c6 7. Bd3 0-0 8. Qc2 h6 9. Bh4 Nbd7 10. Nf3 Re8 11. 0-0 Ne4 12. Bxe7 Qxe7 13. Bxe4 dxe4 14. Nd2 Nf6 15. f3 Bf5 16. Nc4 Bh7 17. f4 Rad8 18. Rfd1 Nd5 19. Nxd5 Rxd5 20. Rd2 Qh4 21. b4 Rh5 22. g3 Qh3 23. Qd1 Rd8 24. Ne5 Rd5 25. Rc1 f6 26. Nc4 Qd7 27. Na5 Rh3 28. Rc5 b6 29. Rxd5 cxd5 30. Nb3 Bf5 31. Qf1 Bg4 32. Rc2 Bf3 33. Nd2 Bg4 34. Qa6 Kh7 35. a4 Rh5 36. Qb5 Qf5 37. Nf1 Bd1 38. Rc7 Bg4 39. Qe8 Bh3 40. Qb5 Qg4 41. Rc2 Qd1 42. Qe2 Qb1 43. Rd2 Qxb4 44. Qxh5 Bxf1 45. Qf5+ Kh8 46. Qc8+ Kh7 47. Rf2 Bc4 48. Qd7 a6 49. g4 Qe1+ 50. Kg2 Qxe3 51. Qf5+ Kg8 52. Qe6+ Kh7 53. g5 hxg5 54. fxg5 Qxg5+ 55. Kh1 Qc1+ 56. Kg2 Qg5+ 1/2-1/2